000 00458nam a2200181Ia 4500
005 20240913130013.0
008 240913s9999||||xx |||||||||||||| ||und||
041 _aENGLISH
082 _A616.89 Q8
100 _aIvana Strizovic
245 0 _aClinical Psychology
250 _a1st
260 _c2018
_bSociety Publi
500 _aREFERENCE
650 _aAudiology Speech and Language Pathology
_bAllied Health Science
942 _cREF
999 _c246749
_d246749